| 000 | 00866cam a2200277Ia 4500 | ||
|---|---|---|---|
| 001 | 43424 | ||
| 005 | 20230410120835.0 | ||
| 008 | 000118s1978 mx 000 0 spa d | ||
| 035 | _a(OCoLC)ocm43304782 | ||
| 040 |
_aDQ$ _bspa _cDQ$ _dOCLCQ |
||
| 020 | _a9684290454 | ||
| 020 | _a9789684290457 | ||
| 035 | _a(OCoLC)43304782 | ||
| 041 | 1 |
_aspa _heng |
|
| 050 | 1 | 4 |
_aHX 541.5 _bS535m 1978 |
| 100 | 1 | _aShaw, Martin. | |
| 245 | 1 | 3 |
_aEl marxismo y las ciencias sociales : _blas raíces del conocimiento social / _cMartin Shaw ; tr. Marco Antonio Pulido. |
| 260 |
_aMéxico : _bNueva Imagen, _c1978. |
||
| 300 |
_a152 p. ; _c20 cm. |
||
| 500 | _aTít. orig. : Marxism and social science : the roots of social knowledge. | ||
| 504 | _aIncluye índice. | ||
| 650 | 0 | _aCommunism and social sciences. | |
| 942 |
_2lcc _cbk |
||
| 946 | _amfcruz | ||
| 994 |
_aC0 _bDRFGD |
||
| 999 |
_c52919 _d52919 |
||